| 000 | 00637nam a2200217Ia 4500 | ||
|---|---|---|---|
| 005 | 20260429112020.0 | ||
| 008 | 260429s9999||||xx |||||||||||||| ||und|| | ||
| 020 | _a9781032669007 | ||
| 041 | _aEnglish | ||
| 082 |
_a658.421 _bEKA |
||
| 100 | _aEkanem, Ignatius | ||
| 245 | 0 |
_aPrinciples of innovation, entrepreneurship and sustainability : _ban evidence-based approach / _cIgnatius Ekanem |
|
| 250 | _a1st ed. | ||
| 260 |
_aNew York : _bRoutledge, _c2025. |
||
| 300 | _axviii, 327 p.; pbk | ||
| 650 | _a Business management | ||
| 650 | _a Entrepreneurship | ||
| 650 | _a Sustainability | ||
| 650 | _aInnovation | ||
| 942 | _cTB | ||
| 999 |
_c51904 _d51904 |
||